000 00295nam a22001337a 4500
008 181023b xxu||||| |||| 00| 0 eng d
020 _a9781285438641
041 _aeng
080 _28th
_a371
100 _a46
101 _aEDU
245 _aReading for Thinking
_cFlemming,L
942 _2udc
_cBK
999 _c50709
_d50709